<?xml version="1.0" encoding="UTF-8"?><?xml-stylesheet type="text/xsl" href="static/style.xsl"?><OAI-PMH xmlns="http://www.openarchives.org/OAI/2.0/" xmlns:xsi="http://www.w3.org/2001/XMLSchema-instance" xsi:schemaLocation="http://www.openarchives.org/OAI/2.0/ http://www.openarchives.org/OAI/2.0/OAI-PMH.xsd"><responseDate>2026-04-17T02:55:48Z</responseDate><request verb="GetRecord" identifier="oai:www.recercat.cat:10230/43631" metadataPrefix="marc">https://recercat.cat/oai/request</request><GetRecord><record><header><identifier>oai:recercat.cat:10230/43631</identifier><datestamp>2025-12-13T21:20:03Z</datestamp><setSpec>com_2072_6</setSpec><setSpec>col_2072_452952</setSpec></header><metadata><record xmlns="http://www.loc.gov/MARC21/slim" xmlns:dcterms="http://purl.org/dc/terms/" xmlns:xsi="http://www.w3.org/2001/XMLSchema-instance" xmlns:doc="http://www.lyncode.com/xoai" xsi:schemaLocation="http://www.loc.gov/MARC21/slim http://www.loc.gov/standards/marcxml/schema/MARC21slim.xsd">
   <leader>00925njm 22002777a 4500</leader>
   <datafield ind2=" " ind1=" " tag="042">
      <subfield code="a">dc</subfield>
   </datafield>
   <datafield ind2=" " ind1=" " tag="720">
      <subfield code="a">Pérez Torío, Xavier</subfield>
      <subfield code="e">author</subfield>
   </datafield>
   <datafield ind2=" " ind1=" " tag="260">
      <subfield code="c">2020-02-18T08:50:15Z</subfield>
   </datafield>
   <datafield ind2=" " ind1=" " tag="260">
      <subfield code="c">2020-02-18T08:50:15Z</subfield>
   </datafield>
   <datafield ind2=" " ind1=" " tag="260">
      <subfield code="c">2016</subfield>
   </datafield>
   <datafield ind2=" " ind1=" " tag="520">
      <subfield code="a">El artículo rastrea los usos intuitivos de una estética alegórica –y la tentación trágica que la traspasó– en algunas producciones&#xd;
hollywoodienses nacidas durante la Primera Guerra Mundial y los inmediatos años veinte. La alusión alegórica a la guerra, en clave pacifista y religiosa, se produce ya en los finales de El nacimiento de una nación e Intolerancia, y se manifiesta plenamente en Civilización. La entrada del país en el conflicto revierte en un romanticismo de trama amorosa no exento de connotaciones trágicas (Corazones del mundo), aunque será con el armisticio cuando la alegoría trágica llegará a su extremo en Los cuatro jinetes del apocalipsis. La recuperación del romanticismo de trama amorosa cada vez más evasivo durante los años veinte será replicada, en 1930, con una tragedia realista, sin asomo de transcendentalismo alegórico: Sin novedad en el frente.</subfield>
   </datafield>
   <datafield ind2=" " ind1=" " tag="520">
      <subfield code="a">The article traces the intuitive uses of an allegorical aesthetic – and the tragic temptation with which it was imbued – in a few Hollywood productions made during the First World War and in the 1920s. Allegorical allusions to the war, with religious and pacifist overtones, can be found in the ending to The Birth of a Nation and in Intolerance, finding full expression in Civilization. The country’s entry into the conflict led to the recourse to the romanticism of the love-story plot, albeit with tragic connotations (Hearts of the World), but it would not be until after the armistice that the tragic allegory would reach its peak, in The Four Horsemen of the Apocalypse. The recovery of the increasingly elusive romanticism of the love story in the twenties would be challenged in 1930, with a realist tragedy without a hint of allegorical transcendentalism: All Quiet on the Western Front.</subfield>
   </datafield>
   <datafield tag="653" ind2=" " ind1=" ">
      <subfield code="a">Primera Guerra Mundial</subfield>
   </datafield>
   <datafield tag="653" ind2=" " ind1=" ">
      <subfield code="a">Tragedia</subfield>
   </datafield>
   <datafield tag="653" ind2=" " ind1=" ">
      <subfield code="a">Alegoría</subfield>
   </datafield>
   <datafield tag="653" ind2=" " ind1=" ">
      <subfield code="a">Griffith</subfield>
   </datafield>
   <datafield tag="653" ind2=" " ind1=" ">
      <subfield code="a">Ince</subfield>
   </datafield>
   <datafield tag="653" ind2=" " ind1=" ">
      <subfield code="a">Corazones del mundo</subfield>
   </datafield>
   <datafield tag="653" ind2=" " ind1=" ">
      <subfield code="a">Los cuatro jinetes del Apocalipsis</subfield>
   </datafield>
   <datafield tag="653" ind2=" " ind1=" ">
      <subfield code="a">Sin novedad en el frente</subfield>
   </datafield>
   <datafield tag="653" ind2=" " ind1=" ">
      <subfield code="a">First World War</subfield>
   </datafield>
   <datafield tag="653" ind2=" " ind1=" ">
      <subfield code="a">Tragedy</subfield>
   </datafield>
   <datafield tag="653" ind2=" " ind1=" ">
      <subfield code="a">Allegory</subfield>
   </datafield>
   <datafield tag="653" ind2=" " ind1=" ">
      <subfield code="a">Hearts of the World</subfield>
   </datafield>
   <datafield tag="653" ind2=" " ind1=" ">
      <subfield code="a">The Four Horsemen of the Apocalypse</subfield>
   </datafield>
   <datafield tag="653" ind2=" " ind1=" ">
      <subfield code="a">All Quiet on the Western Front</subfield>
   </datafield>
   <datafield ind2="0" ind1="0" tag="245">
      <subfield code="a">Alegoría, redencionismo y tentación trágica en el cine de Hollywood ante la gran guerra (1915-1930)</subfield>
   </datafield>
   <datafield ind2="0" ind1="0" tag="245">
      <subfield code="a">Allegory, redemptionism and tragic tempation in Hollywood films in response to the Great War (1915-1930)</subfield>
   </datafield>
</record></metadata></record></GetRecord></OAI-PMH>